000 00698nam a2200265Ia 4500
001 22029
005 20260320113335.0
008 260320s9999||||xx |||||||||||||| ||und||
020 _a9788419951120
041 _aESP
082 _a296.714
_bM524
100 _aMochkofsky, Graciela,
_eAUT
245 0 _aEl profeta de los Andes :
_bla improbable búsqueda de la tierra prometida
246 _a
_5
_b
250 _aPrimera edición
260 _aBarcelona :
_bDebate,
_c2023
300 _a299 páginas :
_bilustraciones ;
_c23 cm.
_e
440 _a
_n
_v
650 _aREL
653 _aConversión religiosa
654 _aCHU
700 _a
_c
856 _u
_z
942 _cLIB
_dJUS
_fMIP
_2ddc
_n
999 _c22029
_d22029